Study on collection and utilization of non-timer forest products in meanrith commune sandann district kampong thom province, ការសិក្សាពីការប្រមូលផល និងការប្រើប្រាស់អនុផលព្រៃឈើនៅក្នុងឃុំមានរិទ្ធ ស្រុកសណ្ដាន់ ខេត្តកំពង់ធំ (Record no. 3362)
[ view plain ]
| 000 -LEADER | |
|---|---|
| fixed length control field | 00860nam a22001697a 4500 |
| 003 - CONTROL NUMBER IDENTIFIER | |
| control field | LRUA |
| 005 - DATE AND TIME OF LATEST TRANSACTION | |
| control field | 20230313165419.0 |
| 008 - FIXED-LENGTH DATA ELEMENTS--GENERAL INFORMATION | |
| fixed length control field | 230313b xxu||||| |||| 00| 0 eng d |
| 040 ## - CATALOGING SOURCE | |
| Transcribing agency | RUA |
| 082 ## - DEWEY DECIMAL CLASSIFICATION NUMBER | |
| Classification number | FOR |
| Edition number | CHA 2008 B135 Or.1 |
| 100 ## - MAIN ENTRY--PERSONAL NAME | |
| Personal name | CHAN, NARA. |
| 245 ## - TITLE STATEMENT | |
| Title | Study on collection and utilization of non-timer forest products in meanrith commune sandann district kampong thom province, ការសិក្សាពីការប្រមូលផល និងការប្រើប្រាស់អនុផលព្រៃឈើនៅក្នុងឃុំមានរិទ្ធ ស្រុកសណ្ដាន់ ខេត្តកំពង់ធំ |
| 260 ## - PUBLICATION, DISTRIBUTION, ETC. (IMPRINT) | |
| Place of publication, distribution, etc. | Phnom Penh |
| Name of publisher, distributor, etc. | RUA |
| Date of publication, distribution, etc. | 2008 |
| 300 ## - PHYSICAL DESCRIPTION | |
| Extent | xi; 47p. |
| Other physical details | ill. |
| Dimensions | 29cm. |
| 856 ## - ELECTRONIC LOCATION AND ACCESS | |
| Uniform Resource Identifier | https://drive.google.com/file/d/1kc9WS7bPet6N6vWV-jEJo0JzRWZ8Hmc3/view?usp=sharing |
| 942 ## - ADDED ENTRY ELEMENTS (KOHA) | |
| Koha item type | FOR |
| Source of classification or shelving scheme | |
| Price effective from | Date last seen | Permanent Location | Not for loan | Date acquired | Source of classification or shelving scheme | Koha item type | Lost status | Withdrawn status | Date last checked out | Total Checkouts | Shelving location | Damaged status | Barcode | Current Location | Full call number |
|---|---|---|---|---|---|---|---|---|---|---|---|---|---|---|---|
| 2015-11-12 | 2019-05-03 | Library Block B | 2015-11-12 | FOR | 2019-02-08 | 1 | B135 | RUA028055 | Library Block B | FOR CHA 2008 B135 Or.1 | |||||
| 2015-11-12 | 2015-11-12 | Library Block B | 2015-11-12 | FOR | B136 | RUA028127 | Library Block B | FOR CHA 2008 B136 Or.2 | |||||||
| 2015-11-12 | 2015-11-12 | Library Block B | 2015-11-12 | FOR | B135 | RUA028339 | Library Block B | FOR CHA 2008 B135 Or.3 | |||||||
| 2015-11-12 | 2016-07-22 | Library Block B | 2015-11-12 | FOR | 2016-06-21 | 1 | B135 | RUA028341 | Library Block B | FOR CHA 2008 B135 Or.4 | |||||
| 2015-11-13 | 2015-11-13 | Library Block B | 2015-11-13 | FOR | B135 | RUA027298 | Library Block B | FOR CHA 2008 B135 Or.5 | |||||||
| 2015-11-13 | 2015-11-13 | Library Block B | 2015-11-13 | FOR | B135 | RUA027226 | Library Block B | FOR CHA 2008 B135 Or.6 | |||||||
| 2015-11-13 | 2016-04-06 | Library Block B | 2015-11-13 | FOR | 2016-03-18 | 1 | B135 | RUA027472 | Library Block B | FOR CHA 2008 B135 Or.7 | |||||
| 2015-11-13 | 2024-10-07 | Library Block B | 2015-11-13 | FOR | 2024-09-27 | 1 | B135 | RUA027080 | Library Block B | FOR CHA 2008 B135 Or.8 |